000 00769cam a22002533a 4500
001 8975
003 PGUSA
005 20140828083206.0
008 050901s2005||||xxu|||||s|||||000 1 eng d
040 _aPGUSA
_beng
042 _adc
050 4 _aPR
100 1 _aWells, H. G.
_q(Herbert George),
_d1866-1946
245 1 4 _aThe Research Magnificent
_h[electronic resource] /
_cH. G. Wells
260 _bProject Gutenberg,
_c2005
506 _aCopyrighted. Read the copyright notice inside this book for details.
516 _aElectronic text
653 _aScience fiction
653 _aAristocracy (Social class) -- Fiction
653 _aNobility -- Fiction
830 0 _aProject Gutenberg
_v8975
856 4 0 _uhttp://www.gutenberg.org/ebooks/8975
942 _cAB
999 _c238259
_d238259